Those 12 Flags: Currencies Quiz Stats

 Plays Quiz Updated Jun 22, 2019

Score 0/12 Timer 03:00
1 Play Today
% Correct
U.S. Dollar
98.7%
Canadian Dollar
97.8%
Yen
97%
Australian Dollar
96.9%
Pound Sterling
95.8%
Deutsche Mark
95.5%
Franc
94.8%
Rupee
91.5%
Rand
84.8%
Ruble
84.4%
Lira
81.7%
Punt
80.4%

You're not logged in!

Compare scores with friends on all Sporcle quizzes.
OR
Log In

Sporcle TV

Today on Sporcle TV


Watch our educational content, quiz creation guides, and fun videos on Sporcle TV.

Show Comments

Extras

Top Quizzes Today


Score Distribution

Your Account Isn't Verified!

In order to create a playlist on Sporcle, you need to verify the email address you used during registration. Go to your Sporcle Settings to finish the process.

Report this User

Report this user for behavior that violates our Community Guidelines.

Details: